000
00276pam a2200133 a 4500
020
_c
041
_a
eng
082
_a
347.072
_b
APT
100
_a
Apte Pradeep .
245
_a
Donkel draft
_h
Textual Documents
260
_a
Pune:
_b
CDRD.
300
_a
139 pg .
930
_a
4278
999
_c
81196
_d
81196